Aspectos de la misión universal de España (Record no. 48866)

MARC details
000 -LEADER
campo de control de longitud fija 00657nam a2200181 i 4500
001 - NÚMERO DE CONTROL
campo de control 48866
003 - IDENTIFICADOR DE NÚMERO DE CONTROL
campo de control ES-MaACL
005 - FECHA Y HORA DE LA ÚLTIMA TRANSACCIÓN
campo de control 20230906161834.0
007 - CAMPO FIJO DE DESCRIPCIÓN FÍSICA--INFORMACIÓN GENERAL
campo de control de longitud fija t|
008 - DATOS DE LONGITUD FIJA--INFORMACIÓN GENERAL
campo de control de longitud fija 030701s1944 sp ||||1| spa d
100 1# - ENTRADA PRINCIPAL--NOMBRE DE PERSONA
Nombre de persona Cordero Torres, José María,
Fechas asociadas al nombre 1909-1977
9 (RLIN) 40527
245 10 - MENCIÓN DEL TÍTULO
Título Aspectos de la misión universal de España
Resto del título : doctrina internacional y colonial española /
Mención de responsabilidad, etc. José Mª Cordero Torres.
260 ## - PUBLICACIÓN, DISTRIBUCIÓN, ETC.
Lugar de publicación, distribución, etc. Madrid :
Nombre del editor, distribuidor, etc. Ediciones de la Vicesecretaría de Educación Popular,
Fecha de publicación, distribución, etc. [1944] (
Fabricante Helénica)
300 ## - DESCRIPCIÓN FÍSICA
Extensión 158 p. ;
Dimensiones 15 cm.
852 ## - LOCALIZACIÓN
Ubicación ES-MaACL
Número de control de estantería 1838-F-11
Sublocalización o colección R.21192
852 ## - LOCALIZACIÓN
Ubicación ES-MaACL
Número de control de estantería C-56437
Sublocalización o colección R.89347
Holdings
Estatus retirado Estado de pérdida Estado de daño No para préstamo Biblioteca de origen Biblioteca actual Ubicación en estantería Fecha de adquisición Fuente de adquisición Total de préstamos Signatura topográfica completa Código de barras Visto por última vez Precio de reemplazo Tipo de ítem Koha Colección
        Biblioteca del Ateneo de Madrid Biblioteca del Ateneo de Madrid Depósito 2 17/01/2008     C-56437 1051422 23/02/2023 23/02/2023 Libro impreso  
        Biblioteca del Ateneo de Madrid Biblioteca del Ateneo de Madrid Depósito folletos 17/01/2008     1838-F-11 1051421 23/02/2023 23/02/2023 Folleto Colección de folletos